| 000 | nam a22 a 4500 | ||
|---|---|---|---|
| 999 |
_c4401 _d4401 |
||
| 003 | AKMAL | ||
| 005 | 20170529162217.0 | ||
| 008 | 170529s2008 my | e l 000 0 may d | ||
| 020 | _a9678915480 (kkt.) | ||
| 040 | _cAKMAL | ||
| 082 | 0 | 4 |
_a344.5950533 MAL _222 |
| 090 | 0 | 0 |
_a344.5950533 _bMAL |
| 110 | 1 |
_aMalaysia _9400 |
|
| 245 | 1 | 0 |
_aAkta Senjata 1960 (Akta 206) & Akta Senjata Api (Penalti Lebih Berat) 1971 (Akta 37) : _b(hingga 20hb Mei 2008) / _cdisusun oleh Lembaga Penyelidikan Undang-Undang |
| 246 | 3 | 3 | _aAkta Senjata Api (Penalti Lebih Berat) 1971 (Akta 37) |
| 260 |
_aPetaling Jaya : _bInternational Law Book Services, _c2008 |
||
| 300 |
_a70ms. ; _c24cm. |
||
| 440 | 0 |
_aUNDANG-UNDANG MALAYSIA _98568 |
|
| 650 | 1 | 0 |
_aFirearms _xLaw and legislation _zMalaysia _98565 |
| 650 | 2 | 0 |
_aWeapons _xLaw and legislation _zMalaysia _98566 |
| 710 | 2 |
_aLembaga Penyelidikan Undang-Undang _98569 |
|
| 942 |
_2ddc _cBOOK |
||